| 000 | 00509nam a2200169 i 4500 | ||
|---|---|---|---|
| 001 | 141648 | ||
| 003 | ES-MaACL | ||
| 005 | 20230906200334.0 | ||
| 007 | t| | ||
| 008 | 070926s1958 sp ||||1| spa d | ||
| 080 | _a86-312.2"19" | ||
| 100 | 1 |
_aVilluendas Polo, León. _9115287 |
|
| 245 | 1 | 3 |
_aEl traidor _b: narración histórico-novelesca de caracter bíblico / _cpor León Villuendas Polo. |
| 260 |
_aMadrid : _bParaninfo, _c1958. |
||
| 300 |
_a161 p. ; _c20 cm. |
||
| 852 |
_aES-MaACL _jC-14888 _bR.42981 |
||
| 999 |
_c141648 _d141648 |
||